000 00821nas a2200265 4500
001 BR2011001955
003 BR-BrBNA
005 20231205114926.0
007 ta
008 230509b bl.|||p| |||| 00| 00por d
040 _aBR-BrBNA
_bpor
_cBiblioteca Nacional de Agricultura
041 _a(Pt)
072 _aK10
100 1 _aFigueiredo Filho, A.
100 1 _aDias, A.N.
100 1 _aStepka, T.F.
100 1 _aSawczuk, A.R.
245 1 _aCrescimento, mortalidade, ingresso e distribuição diamétrica em floresta ombrófila mista
650 _aARAUCÁRIA
650 _aINVENTÁRIO FLORESTAL
650 _aDESENVOLVIMENTO FLORESTAL
773 0 _tFloresta (Brazil)
_xISSN 0015-3826
_g(Oct-Dec 2010), v. 40(4) p. 763-775
_wBR2011001955
909 _a202311
_bLúcia
_c55
_dLúcia Elande
942 _2AGRIS
_n0
_cANA
999 _c211248
_d211248